Countries A-Z with the Most Women in Parliament - Statistics

General Stats
  • This quiz has been taken 52 times
  • The average score is 18 of 24
Answer Stats
Letter % of women in Parliament Country % Correct
F 46% Finland
96%
Q 9.8% Qatar
96%
Y 0.3% Yemen
96%
Z 31.9% Zimbabwe
96%
O 1.2% Oman
94%
D 43.6% Denmark
90%
I 47.6% Iceland
90%
J 17.5% Jamaica
85%
S 46.4% Sweden
85%
V 26.7% Vietnam
85%
H 21.1% Honduras
83%
R 61.3% Rwanda
81%
U 50% United Arab Emirates
79%
L 31.0% Latvia
75%
P 35.7% Portugal
75%
E 43.1% Ecuador
71%
K 27.1% Kazakhstan
69%
M 50% Mexico
67%
T 40.0% Timor-Leste
65%
A 50% Andorra
63%
N 51.7% Nicaragua
58%
B 46.2% Bolivia
50%
C 55.7% Cuba
50%
G 46.7% Grenada
50%
No matching quizzes found
Score Distribution
Percent of People with Each Score
Percentile by Number Answered
Your Score History
You have not taken this quiz